|
|
|
|
| LEADER |
00000nab a2200000 ar4500 |
| 001 |
vtls009343734 |
| 003 |
SK-MaSNL |
| 005 |
20260303055649.0 |
| 008 |
081007c2008 xo |||||||||||000 b|slo |
| 015 |
|
|
|a SNBRB2008/10
|2 snkbucl
|
| 038 |
|
|
|a SNKBUCL
|
| 040 |
|
|
|a SNKBUCL
|b slo
|c SNKBUCL
|e AACR2
|
| 041 |
0 |
|
|a slo
|
| 044 |
|
|
|a xo
|c SK
|
| 080 |
|
|
|a 635.26
|2 1997
|
| 245 |
0 |
0 |
|a Perlovka: Cibuľa, ktorú nemusíme čistiť
|
| 300 |
|
|
|b Fotogr.
|
| 650 |
0 |
7 |
|a cibuľa perlovka
|2 snkbucl
|9 1051352
|
| 650 |
0 |
7 |
|a pestovanie záhradných rastlín
|2 snkbucl
|9 30897
|
| 773 |
0 |
|
|t Záhradkár
|g Roč. XLIV, č. 9 (2008), s. 54-55
|x 0862-5565
|
| 852 |
|
|
|a SNK
|b KIS3GCP
|
| 999 |
|
|
|c 1728343
|d 1730273
|